00794cam a2200229 a 4500020001500000040000800015082002600023100002200049245003400071246004200105246004100147250001200188260005800200300002500258500002000283650001600303700002000319856006600339942000700405999001700412952013500429 a0764113658 cDLC00a428 BAR 2000 A023 Or.1 aBromberg, Murray.10a1100 words you need to know /3 aEleven hundred words you need to know14aBarron's 1100 words you need to know a4th ed. aHauppauge, NY :bBarron's Educational Series,cc2000. aiv, 380 p. ;c28 cm. aIncludes index. 0aVocabulary.1 aGordon, Melvin.42uhttp://www.loc.gov/catdir/enhancements/fy0630/00030344-d.html cEK c14003d14003 0010406428_000000000000000_BAR_2000_A024_OR70965646aLBAbLBAcA024d2017-10-04o428 BAR 2000 A024 Or.pA15088r2017-10-04yEK